| 000 | 00521nam a22001697a 4500 | ||
|---|---|---|---|
| 003 | NUST | ||
| 038 | _aZafar Iqbal Malik | ||
| 082 | _a200 | ||
| 100 |
_aSana e Sakina _9127651 |
||
| 245 |
_aClimate Informed Decision Making in Water Sector of Pakistan/ _cSana e Sakina |
||
| 264 |
_aIslamabad _bNBS NUST _c2024 |
||
| 300 | _a27, p. | ||
| 650 |
_aExecutive MBA _9120079 |
||
| 700 |
_aSupervisor: Dr. Farasat Ali Shah Bukhari _9126186 |
||
| 856 | _uhttp://10.250.8.41:8080/xmlui/handle/123456789/49004 | ||
| 942 |
_2ddc _cSC |
||
| 999 |
_c612714 _d612714 |
||